recycling and disposal of solid wastes bodies (Record no. 12494)

MARC details
000 -LEADER
fixed length control field 00228nam a22001097a 4500
082 ## - DEWEY DECIMAL CLASSIFICATION NUMBER
Classification number 658.567YEN
100 ## - MAIN ENTRY--AUTHOR NAME
Personal name Yen T F
245 ## - TITLE STATEMENT
Title recycling and disposal of solid wastes bodies
260 ## - PUBLICATION, DISTRIBUTION, ETC. (IMPRINT)
Year of publication 1974
300 ## - PHYSICAL DESCRIPTION
Number of Pages 372
942 ## - ADDED ENTRY ELEMENTS (KOHA)
Koha item type Books

No items available.